山口県の難読地名 30コ - Statistics

General Stats
  • This quiz has been taken 78 times
  • The average score is 9 of 30
Answer Stats
漢字 回答 % Correct
周防 すおう
92%
防府 ほうふ
86%
厚狭 あさ
85%
周布 すふ
62%
温見 ぬくみ
62%
飯井 いい
58%
埴生 はぶ
55%
特牛 こっとい
53%
戸田 へた
50%
通津 つづ
44%
嘉年 かね
39%
秋穂 あいお
38%
木屋川 こやがわ
33%
生雲 いくも
29%
吉部 きべ
27%
青木町 おおぎまち
23%
政所 まどころ
20%
椿東 ちんとう
17%
夜市 やじ
15%
金峰 みたけ
14%
紫福 しぶき
9%
麻郷 おごう
8%
員光 かずみつ
6%
迫戸町 せばとちょう
6%
束荷 つかり
6%
廿木 はたき
5%
清尾 せいのお
5%
莇地 あどうじ
0%
日前 ひくま
0%
津海木 つのうぎ
0%
No matching quizzes found
Score Distribution
Percent of People with Each Score
Percentile by Number Answered
Your Score History
You have not taken this quiz